[Event "Rhein Main op 12th"]
[Site "Bad Homburg"]
[Date "2009.06.13"]
[Round "5"]
[White "Lang, Thorsten"]
[Black "Goemann, Jens"]
[Result "1-0"]
[WhiteElo "2340"]
[BlackElo "2144"]
[PlyCount "79"]
[EventDate "2009.06.10"]
[EventType "swiss"]
[EventRounds "7"]
[EventCountry "GER"]
[SourceTitle "CBM 131 Extra"]
[Source "ChessBase"]
[SourceDate "2009.09.03"]
[SourceVersion "2"]
[SourceVersionDate "2009.09.16"]
[SourceQuality "1"]

1. d4 Nf6 2. Nf3 g6 3. Bf4 Bg7 4. e3 c5 5. c3 b6 6. Nbd2 Bb7 7. h3 0-0 8. a4 a6 9. Bc4 d6 10. 0-0 Nbd7 11. Qe2 Ra7 12. Rfe1 Qa8 13. Bh2 Ne4 14. Nxe4 Bxe4 15. Bd3 Nf6 16. Red1 Qb7 17. Ne1 Rfa8 18. f3 Bxd3 19. Nxd3 Nd7 20. Kh1 Rc8 21. Bg1 c4 22. Nb4 d5 23. e4 e6 24. a5 b5 25. Bh2 Bf8 26. exd5 exd5 27. Qe3 Raa8 28. Re1 Bxb4 29. cxb4 Qc6 30. Rac1 Qf6 31. Rc3 Kg7 32. Bf4 h5 33. Bh6+ Kh7 34. Bg5 Qg7 35. Qf4 Re8 36. Rce3 Rxe3 37. Rxe3 Nf8 38. Bf6 g5 39. Qf5+ Qg6 40. Qxd5 1-0

[Event "Rhein Main op 12th"]
[Site "Bad Homburg"]
[Date "2009.06.11"]
[Round "3"]
[White "Zulkipli, Zaidan"]
[Black "Goemann, Jens"]
[Result "0-1"]
[WhiteElo "1975"]
[BlackElo "2144"]
[PlyCount "70"]
[EventDate "2009.06.10"]
[EventType "swiss"]
[EventRounds "7"]
[EventCountry "GER"]
[SourceTitle "CBM 131 Extra"]
[Source "ChessBase"]
[SourceDate "2009.09.03"]
[SourceVersion "2"]
[SourceVersionDate "2009.09.16"]
[SourceQuality "1"]

1. d4 Nf6 2. g3 g6 3. Bg2 Bg7 4. Nf3 0-0 5. 0-0 d6 6. b3 Nc6 7. Bb2 e5 8. Na3 e4 9. Ne1 d5 10. c4 Re8 11. Nec2 Ne7 12. Rc1 c6 13. Ne3 Be6 14. h3 Qd7 15. Kh2 h5 16. Nac2 Rad8 17. Ba3 Nh7 18. cxd5 Nxd5 19. Nxd5 Bxd5 20. e3 h4 21. gxh4 f5 22. Nb4 Bf7 23. Rg1 Qe7 24. Nxc6 Qc7+ 25. Kh1 bxc6 26. Bf1 f4 27. Qg4 Nf6 28. Qxf4 Qxf4 29. exf4 Rxd4 30. Bc5 Rd2 31. Bc4 Nd5 32. f5 gxf5 33. Rg5 Kh7 34. h5 f4 35. Rcg1 Bf6 0-1

[Event "Rhein Main op 12th"]
[Site "Bad Homburg"]
[Date "2009.06.10"]
[Round "1"]
[White "Abu Es Soud, Amin"]
[Black "Goemann, Jens"]
[Result "1/2-1/2"]
[WhiteElo "1851"]
[BlackElo "2144"]
[PlyCount "45"]
[EventDate "2009.06.10"]
[EventType "swiss"]
[EventRounds "7"]
[EventCountry "GER"]
[SourceTitle "CBM 131 Extra"]
[Source "ChessBase"]
[SourceDate "2009.09.03"]
[SourceVersion "2"]
[SourceVersionDate "2009.09.16"]
[SourceQuality "1"]

1. e4 e6 2. d4 d5 3. exd5 exd5 4. Bd3 Nc6 5. c3 Bd6 6. Qf3 Nf6 7. Bg5 Bg4 8. Qe3+ Kd7 9. Ne2 Re8 10. Qd2 Qe7 11. f3 Be6 12. b4 h6 13. Bh4 a6 14. a3 Rad8 15. a4 Ra8 16. Bf2 Nh5 17. Kd1 Qf6 18. Bg3 Nxg3 19. hxg3 Bf5 20. g4 Bg6 21. Bxg6 Qxg6 22. Nf4 Bxf4 23. Qxf4 1/2-1/2

[Event "Dortmund Sparkassen op"]
[Site "Dortmund"]
[Date "2008.07.02"]
[Round "4"]
[White "Goemann, Jens"]
[Black "Stockhuss, Kevin"]
[Result "1-0"]
[WhiteElo "2150"]
[BlackElo "1901"]
[PlyCount "51"]
[EventDate "2008.06.30"]
[EventType "swiss"]
[EventRounds "9"]
[EventCountry "GER"]
[SourceTitle "CBM 125 Extra"]
[Source "ChessBase"]
[SourceDate "2008.09.01"]
[SourceVersion "1"]
[SourceVersionDate "2008.09.01"]
[SourceQuality "1"]

1. c4 e5 2. g3 Nc6 3. Bg2 g6 4. Nc3 Bg7 5. Nf3 d6 6. d3 f5 7. 0-0 Nf6 8. Rb1 a5 9. a3 h6 10. b4 axb4 11. axb4 0-0 12. b5 Ne7 13. Bb2 f4 14. Ra1 Be6 15. Nd2 Rxa1 16. Qxa1 b6 17. Qa7 Qd7 18. Nce4 Nxe4 19. Nxe4 d5 20. cxd5 Bxd5 21. Qa4 Ra8 22. Qb4 Ra5 23. Nc3 Bxg2 24. Kxg2 Nd5 25. Qc4 Kh7 26. Nxd5 1-0

[Event "Dortmund Sparkassen op"]
[Site "Dortmund"]
[Date "2008.07.01"]
[Round "2"]
[White "Goemann, Jens"]
[Black "Herold, Hansjoerg"]
[Result "1-0"]
[WhiteElo "2150"]
[BlackElo "2051"]
[PlyCount "39"]
[EventDate "2008.06.30"]
[EventType "swiss"]
[EventRounds "9"]
[EventCountry "GER"]
[SourceTitle "CBM 125 Extra"]
[Source "ChessBase"]
[SourceDate "2008.09.01"]
[SourceVersion "1"]
[SourceVersionDate "2008.09.01"]
[SourceQuality "1"]

1. c4 Nf6 2. g3 g6 3. Bg2 Bg7 4. Nf3 c5 5. 0-0 0-0 6. Nc3 Nc6 7. d4 cxd4 8. Nxd4 Nxd4 9. Qxd4 d6 10. Qd3 a6 11. Bd2 Qc7 12. Rfc1 e6 13. Rab1 Bd7 14. Bf4 e5 15. Bg5 Be6 16. Qf3 Bf5 17. Bxf6 Bxf6 18. Nd5 Qd8 19. Nxf6+ Qxf6 20. e4 1-0

[Event "Pardubice op-B1"]
[Site "Pardubice"]
[Date "2006.07.26"]
[Round "6"]
[White "Kutynec, Vladimir"]
[Black "Goemann, Jens"]
[Result "1-0"]
[WhiteElo "2326"]
[BlackElo "2176"]
[PlyCount "99"]
[EventDate "2006.07.21"]
[EventType "swiss"]
[EventRounds "9"]
[EventCountry "CZE"]
[SourceTitle "CBM 113 Extra"]
[Source "ChessBase"]
[SourceDate "2006.09.14"]
[SourceVersion "1"]
[SourceVersionDate "2006.09.14"]
[SourceQuality "1"]

1. Nf3 Nf6 2. c4 g6 3. Nc3 Bg7 4. e4 d6 5. d4 0-0 6. Be2 e5 7. 0-0 Nbd7 8. Re1 c6 9. Bf1 exd4 10. Nxd4 Ng4 11. Qxg4 Bxd4 12. Qg3 Qf6 13. Be3 Bxe3 14. Rxe3 Ne5 15. Rd1 h5 16. h4 Rd8 17. Be2 Be6 18. b3 Kf8 19. f4 Ng4 20. Red3 Qe7 21. f5 gxf5 22. exf5 Bxf5 23. Rxd6 Rxd6 24. Qxd6 Qxd6 25. Rxd6 Ke7 26. c5 Nf6 27. Rd4 Rd8 28. Rxd8 Kxd8 29. Kf2 Ke7 30. Ke3 Bg6 31. Kf4 Nd7 32. b4 a5 33. a3 axb4 34. axb4 f6 35. g4 hxg4 36. Bxg4 Ne5 37. Be2 Bc2 38. h5 Nd7 39. Bg4 Ne5 40. Bf5 Bxf5 41. Kxf5 Kf7 42. Ne4 Nd3 43. h6 Kg8 44. Kg6 Nf4+ 45. Kf5 Nd3 46. Nxf6+ Kh8 47. Kg6 Nxb4 48. h7 Nd3 49. Nd7 Nf4+ 50. Kh6 1-0

[Event "Thueringen-ch"]
[Site "Jena"]
[Date "2006.04.17"]
[Round "9"]
[White "Goemann, Jens"]
[Black "Paehtz, Thomas Jr"]
[Result "0-1"]
[WhiteElo "2186"]
[BlackElo "2291"]
[PlyCount "54"]
[EventDate "2006.04.12"]
[EventType "swiss"]
[EventRounds "9"]
[EventCountry "GER"]
[SourceTitle "EXT 2007"]
[Source "ChessBase"]
[SourceDate "2006.11.23"]
[SourceVersion "1"]
[SourceVersionDate "2006.11.23"]
[SourceQuality "1"]

1. g3 c5 2. c4 Nc6 3. Bg2 g6 4. Nf3 Bg7 5. Nc3 e5 6. a3 a5 7. 0-0 d6 8. d3 Nge7 9. Ne1 Be6 10. Nd5 Rb8 11. Nc2 b5 12. Nce3 0-0 13. Rb1 f5 14. cxb5 Rxb5 15. Nxe7+ Nxe7 16. Nc4 d5 17. Nd2 e4 18. Qa4 Bd7 19. Qc2 Nc6 20. e3 Ne5 21. dxe4 fxe4 22. b3 Nd3 23. f3 Bh6 24. f4 Bg7 25. h3 Rb6 26. Rd1 Bb5 27. Bf1 g5 0-1

[Event "Thueringen-ch"]
[Site "Jena"]
[Date "2006.04.14"]
[Round "4"]
[White "Goemann, Jens"]
[Black "Rohmeiss, Roberto"]
[Result "1/2-1/2"]
[WhiteElo "2186"]
[BlackElo "2113"]
[PlyCount "45"]
[EventDate "2006.04.12"]
[EventType "swiss"]
[EventRounds "9"]
[EventCountry "GER"]
[SourceTitle "EXT 2007"]
[Source "ChessBase"]
[SourceDate "2006.11.23"]
[SourceVersion "1"]
[SourceVersionDate "2006.11.23"]
[SourceQuality "1"]

1. c4 c5 2. g3 Nc6 3. Bg2 g6 4. Nf3 Bg7 5. 0-0 e5 6. Nc3 Nge7 7. Ne1 d6 8. Nc2 0-0 9. a3 Be6 10. Ne3 f5 11. Ned5 Rb8 12. b4 e4 13. Rb1 Ne5 14. d3 Bxd5 15. Nxd5 Nxd5 16. cxd5 exd3 17. exd3 cxb4 18. Rxb4 Qd7 19. Be3 Ng4 20. Bd2 b6 21. Qb3 Rbc8 22. h3 Ne5 23. Rd1 1/2-1/2

[Event "Thueringen-ch"]
[Site "Jena"]
[Date "2006.04.12"]
[Round "1"]
[White "Vater, Rainer"]
[Black "Goemann, Jens"]
[Result "0-1"]
[WhiteElo "2140"]
[BlackElo "2186"]
[PlyCount "58"]
[EventDate "2006.04.12"]
[EventType "swiss"]
[EventRounds "9"]
[EventCountry "GER"]
[SourceTitle "EXT 2007"]
[Source "ChessBase"]
[SourceDate "2006.11.23"]
[SourceVersion "1"]
[SourceVersionDate "2006.11.23"]
[SourceQuality "1"]

1. b4 d5 2. Bb2 Bg4 3. h3 Bh5 4. g4 Bg6 5. Bg2 c6 6. Nf3 f6 7. d4 e6 8. c3 Nd7 9. Na3 Qc7 10. Qd2 Nb6 11. Nh4 Bf7 12. e3 Bd6 13. Nf3 Ne7 14. Nc2 Nc4 15. Qc1 e5 16. Na3 Nxa3 17. Bxa3 e4 18. Nd2 f5 19. c4 Qd7 20. c5 Bc7 21. gxf5 Nxf5 22. Qb2 Bh5 23. Bf1 Nxe3 24. Nxe4 Nxf1 25. Nd6+ Bxd6 26. cxd6 0-0 27. Kxf1 Bf3 28. Rh2 Qxd6 29. Kg1 Rf6 0-1

[Event "Pardubice op-B"]
[Site "Pardubice"]
[Date "2005.07.??"]
[Round "3"]
[White "Barglowski, Filip"]
[Black "Goemann, Jens"]
[Result "1-0"]
[WhiteElo "2347"]
[BlackElo "2178"]
[PlyCount "153"]
[EventDate "2005.07.22"]
[EventType "swiss"]
[EventRounds "9"]
[EventCountry "CZE"]
[SourceTitle "CBM 107 Extra"]
[Source "ChessBase"]
[SourceDate "2005.09.01"]
[SourceVersion "1"]
[SourceVersionDate "2005.09.01"]
[SourceQuality "1"]

1. e4 e6 2. d4 d5 3. Nd2 c5 4. Ngf3 Nf6 5. exd5 exd5 6. Bb5+ Bd7 7. Bxd7+ Nbxd7 8. 0-0 Be7 9. dxc5 Nxc5 10. Nb3 Nce4 11. Nfd4 Qd7 12. Qf3 0-0 13. Nf5 Bd8 14. Be3 g6 15. Ng3 Qg4 16. Qxg4 Nxg4 17. Bd4 Re8 18. Rfe1 Bc7 19. Nf1 Ne5 20. Ne3 Nf6 21. Rad1 b6 22. Bc3 Rad8 23. h3 h6 24. Kf1 g5 25. Nd4 Kh7 26. Nf3 Nxf3 27. gxf3 Be5 28. Nxd5 Bxc3 29. Rxe8 Rxe8 30. Nxc3 Kg6 31. Rd4 Rc8 32. f4 Kf5 33. fxg5 hxg5 34. Ra4 a5 35. Ne2 Ke5 36. c3 Nd5 37. h4 gxh4 38. Rxh4 b5 39. Rh5+ Kd6 40. Rf5 f6 41. Nf4 Nxf4 42. Rxf4 Ke5 43. Rh4 f5 44. Ke1 Rd8 45. Ke2 Rd6 46. a4 Rb6 47. Kd3 bxa4 48. Rxa4 Rxb2 49. f4+ Ke6 50. Rxa5 Rf2 51. Re5+ Kf6 52. Ke3 Rc2 53. Rc5 Ke6 54. Rc4 Kd5 55. Rc8 Rc1 56. Rd8+ Ke6 57. Kd2 Rf1 58. Rd4 Rf2+ 59. Kd3 Rf1 60. Kc4 Rc1 61. Kb4 Rc2 62. c4 Rb2+ 63. Kc3 Rb1 64. c5 Rc1+ 65. Kb4 Rb1+ 66. Kc4 Rc1+ 67. Kb5 Ke7 68. c6 Rb1+ 69. Ka6 Rc1 70. Kb7 Rb1+ 71. Kc8 Rb5 72. c7 Ke8 73. Rd1 Rb4 74. Re1+ Kf7 75. Re5 Rxf4 76. Kd7 Rc4 77. Rxf5+ 1-0

[Event "Muehlhausen op 10th"]
[Site "Muehlhausen"]
[Date "2003.06.01"]
[Round "7"]
[White "Jesse, Timo"]
[Black "Goemann, Jens"]
[Result "1-0"]
[WhiteElo "2068"]
[BlackElo "2202"]
[PlyCount "47"]
[EventDate "2003.06.01"]
[EventType "swiss"]
[EventRounds "7"]
[EventCountry "GER"]
[SourceTitle "EXT 2005"]
[Source "ChessBase"]
[SourceDate "2004.11.15"]
[SourceVersion "1"]
[SourceVersionDate "2004.11.15"]
[SourceQuality "1"]

1. e4 e6 2. d4 d5 3. exd5 exd5 4. Nf3 Nc6 5. Bd3 Bg4 6. c3 Bd6 7. 0-0 Nge7 8. Na3 Bxa3 9. bxa3 h6 10. Rb1 Rb8 11. Qc2 Bxf3 12. gxf3 Qd6 13. Kh1 Qf6 14. f4 b6 15. Rg1 Rd8 16. f5 0-0 17. Bf4 Kh8 18. Rbe1 Rc8 19. Rg4 Rg8 20. Re3 h5 21. Rh3 g6 22. Bg5 Qd6 23. f6 Qe6 24. Rgh4 1-0

[Event "Thueringen-ch MT"]
[Site "Germany"]
[Date "2002.03.31"]
[Round "7"]
[White "Mueller, Matthias"]
[Black "Goemann, Jens"]
[Result "1/2-1/2"]
[WhiteElo "2415"]
[BlackElo "2197"]
[PlyCount "113"]
[EventDate "2002.03.??"]
[EventType "tourn"]
[EventRounds "9"]
[EventCountry "GER"]
[SourceTitle "EXT 2005"]
[Source "ChessBase"]
[SourceDate "2004.11.15"]
[SourceVersion "1"]
[SourceVersionDate "2004.11.15"]
[SourceQuality "1"]

1. e4 e6 2. d4 d5 3. Nc3 Nf6 4. e5 Nfd7 5. f4 c5 6. Nf3 Nc6 7. Be3 a6 8. Qd2 cxd4 9. Nxd4 Bc5 10. 0-0-0 0-0 11. Kb1 Bxd4 12. Bxd4 b5 13. Qe3 b4 14. Ne2 Qc7 15. g3 a5 16. Bh3 Ba6 17. Rhe1 Rfe8 18. Ng1 Nxd4 19. Qxd4 Rac8 20. Rc1 Qb6 21. Nf3 g6 22. Qxb6 Nxb6 23. Nd4 a4 24. Bg4 Rc5 25. Rcd1 Kf8 26. b3 Ke7 27. Kc1 Rec8 28. Kd2 Rc3 29. Re3 R3c7 30. a3 bxa3 31. Ra1 axb3 32. cxb3 Nd7 33. Rxa3 Bf1 34. Ra1 Bg2 35. Bd1 Nc5 36. Nb5 Ne4+ 37. Rxe4 Bxe4 38. Nxc7 Rxc7 39. Ra6 h5 40. Ra8 f6 41. Rh8 fxe5 42. Rh7+ Kd8 43. Rxc7 Kxc7 44. fxe5 d4 45. Bc2 Bxc2 46. Kxc2 Kc6 47. Kd3 Kd5 48. b4 g5 49. h3 g4 50. hxg4 hxg4 51. b5 Kc5 52. b6 Kxb6 53. Kxd4 Kb5 54. Ke4 Kc4 55. Kf4 Kd4 56. Kxg4 Kxe5 57. Kf3 1/2-1/2

[Event "Thueringen-ch MT"]
[Site "Germany"]
[Date "2002.03.29"]
[Round "4"]
[White "Goemann, Jens"]
[Black "Kraemer, Martin"]
[Result "1-0"]
[WhiteElo "2197"]
[BlackElo "2132"]
[PlyCount "119"]
[EventDate "2002.03.??"]
[EventType "tourn"]
[EventRounds "9"]
[EventCountry "GER"]
[SourceTitle "EXT 2005"]
[Source "ChessBase"]
[SourceDate "2004.11.15"]
[SourceVersion "1"]
[SourceVersionDate "2004.11.15"]
[SourceQuality "1"]

1. c4 Nf6 2. Nf3 g6 3. g3 Bg7 4. Bg2 0-0 5. 0-0 d6 6. Nc3 e5 7. d3 c6 8. Rb1 Re8 9. Bg5 h6 10. Bxf6 Qxf6 11. b4 a6 12. a4 Be6 13. Nd2 Qd8 14. Qb3 Nd7 15. Rfc1 f5 16. b5 Nc5 17. Qb4 a5 18. Qa3 Qc7 19. bxc6 bxc6 20. Nb3 Nb7 21. Nd5 Qd8 22. Nd2 cxd5 23. Rxb7 dxc4 24. Nxc4 Rc8 25. Nb6 Rxc1+ 26. Qxc1 d5 27. Nxd5 e4 28. dxe4 fxe4 29. Qc7 Qxc7 30. Nxc7 Re7 31. Rb8+ Kf7 32. Nxe6 Rxe6 33. Rc8 Kf6 34. e3 Re5 35. Rc4 Kf5 36. Bh3+ Kg5 37. Bd7 Bf8 38. h3 h5 39. Rc6 Bb4 40. h4+ Kh6 41. Re6 Rxe6 42. Bxe6 g5 43. Bf5 gxh4 44. gxh4 Be7 45. Bxe4 Bxh4 46. f4 Be1 47. Kg2 Kg7 48. Bf5 Kf6 49. e4 Ke7 50. e5 Kf7 51. Kf3 h4 52. Ke4 Bc3 53. Bh3 Kg6 54. Kd5 Kf7 55. f5 Bb4 56. f6 Ba3 57. Kc6 Bb2 58. Kd6 Ba3+ 59. Kd7 Bb2 60. e6+ 1-0

[Event "Thueringen-ch MT"]
[Site "Germany"]
[Date "2002.03.28"]
[Round "3"]
[White "Holzschuh, Stephan"]
[Black "Goemann, Jens"]
[Result "1/2-1/2"]
[WhiteElo "2071"]
[BlackElo "2197"]
[PlyCount "54"]
[EventDate "2002.03.??"]
[EventType "tourn"]
[EventRounds "9"]
[EventCountry "GER"]
[SourceTitle "EXT 2005"]
[Source "ChessBase"]
[SourceDate "2004.11.15"]
[SourceVersion "1"]
[SourceVersionDate "2004.11.15"]
[SourceQuality "1"]

1. e4 e6 2. d4 d5 3. e5 c5 4. c3 Nc6 5. Nf3 Bd7 6. Bd3 cxd4 7. cxd4 Qb6 8. 0-0 Nxd4 9. Nxd4 Qxd4 10. Nc3 a6 11. Qe2 Ne7 12. Kh1 Nc6 13. f4 Nb4 14. Rd1 Nxd3 15. Rxd3 Qb6 16. Be3 Bc5 17. Bxc5 Qxc5 18. Qg4 0-0-0 19. Ne4 dxe4 20. Rc3 Qxc3 21. bxc3 Bc6 22. h3 g6 23. Rd1 h5 24. Rxd8+ Rxd8 25. Qe2 Rd3 26. c4 Rg3 27. Qe1 Rd3 1/2-1/2

[Event "Baunatal op 7th"]
[Site "Baunatal"]
[Date "2001.08.14"]
[Round "6"]
[White "Goemann, Jens"]
[Black "Haecker, Alexander"]
[Result "1/2-1/2"]
[WhiteElo "2183"]
[BlackElo "2007"]
[PlyCount "55"]
[EventDate "2001.08.08"]
[EventType "swiss"]
[EventRounds "7"]
[EventCountry "GER"]
[SourceTitle "EXT 2002"]
[Source "ChessBase"]
[SourceDate "2001.11.25"]
[SourceVersion "1"]
[SourceVersionDate "2001.11.25"]
[SourceQuality "1"]

1. c4 e6 2. Nf3 Nf6 3. g3 d5 4. Bg2 Be7 5. 0-0 0-0 6. b3 c6 7. Bb2 Nbd7 8. Qc2 Ne4 9. d3 Nd6 10. e4 dxe4 11. dxe4 c5 12. Nc3 e5 13. Rfd1 f6 14. Nd5 Nb6 15. Ne3 Qc7 16. Rac1 Be6 17. Nd2 a6 18. Nb1 Ndc8 19. Nc3 Na7 20. Ncd5 Nxd5 21. cxd5 Bd7 22. Nc4 Bd8 23. Ne3 Rc8 24. a4 b6 25. Ba3 a5 26. Qd2 Qb7 27. Bf1 Be7 28. Bb2 1/2-1/2

[Event "Baunatal op 7th"]
[Site "Baunatal"]
[Date "2001.08.08"]
[Round "1"]
[White "Goemann, Jens"]
[Black "Poetsch, Gero"]
[Result "1-0"]
[WhiteElo "2183"]
[BlackElo "1706"]
[PlyCount "43"]
[EventDate "2001.08.08"]
[EventType "swiss"]
[EventRounds "7"]
[EventCountry "GER"]
[SourceTitle "EXT 2002"]
[Source "ChessBase"]
[SourceDate "2001.11.25"]
[SourceVersion "1"]
[SourceVersionDate "2001.11.25"]
[SourceQuality "1"]

1. c4 e6 2. g3 Nf6 3. Bg2 d5 4. Nf3 c5 5. 0-0 Nc6 6. e3 Be7 7. b3 dxc4 8. bxc4 0-0 9. Bb2 Qd3 10. Qb3 Rd8 11. Ne1 Qxb3 12. axb3 Nb4 13. d4 a6 14. Na3 Rb8 15. Nac2 Nxc2 16. Nxc2 cxd4 17. Bxd4 Nd7 18. Rfd1 e5 19. Bc3 b6 20. Nb4 Bxb4 21. Bxb4 Bb7 22. Be7 1-0

[Event "Thueringen-ch MT"]
[Site "Finsterbergen"]
[Date "2001.04.12"]
[Round "3"]
[White "Kirschbaum, Gunnar"]
[Black "Goemann, Jens"]
[Result "1/2-1/2"]
[WhiteElo "2212"]
[BlackElo "2181"]
[PlyCount "47"]
[EventDate "2001.04.??"]
[EventType "tourn"]
[EventRounds "9"]
[EventCountry "GER"]
[SourceTitle "EXT 2005"]
[Source "ChessBase"]
[SourceDate "2004.11.15"]
[SourceVersion "1"]
[SourceVersionDate "2004.11.15"]
[SourceQuality "1"]

1. d4 Nf6 2. c4 g6 3. Nc3 Bg7 4. e4 d6 5. f4 0-0 6. Nf3 c5 7. d5 e6 8. Be2 exd5 9. cxd5 Bg4 10. 0-0 Nbd7 11. Nd2 Bxe2 12. Qxe2 Re8 13. Qf3 Rc8 14. Kh1 a6 15. a4 c4 16. g4 Nc5 17. e5 dxe5 18. fxe5 Rxe5 19. Nxc4 Rxd5 20. Nxd5 Qxd5 21. Qxd5 Nxd5 22. Ra3 Ne4 23. Rd3 Ndf6 24. Nb6 1/2-1/2

[Event "Oberliga Ost-A 0001"]
[Site "Germany"]
[Date "2000.10.15"]
[Round "1.1"]
[White "Andre, Gordon"]
[Black "Goemann, Jens"]
[Result "1-0"]
[WhiteElo "2270"]
[BlackElo "2185"]
[PlyCount "57"]
[EventDate "2000.10.15"]
[EventType "team"]
[EventRounds "11"]
[EventCountry "GER"]
[SourceTitle "EXT 2002"]
[Source "ChessBase"]
[SourceDate "2001.11.25"]
[SourceVersion "1"]
[SourceVersionDate "2001.11.25"]
[SourceQuality "1"]
[WhiteTeam "Magdeburg Aufbau Elbe"]
[BlackTeam "Jena Jenapharm"]
[WhiteTeamCountry "GER"]
[BlackTeamCountry "GER"]

1. d4 Nf6 2. c4 g6 3. Nc3 Bg7 4. e4 d6 5. f3 a6 6. Bg5 Nc6 7. Qd2 Rb8 8. 0-0-0 h6 9. Be3 h5 10. d5 Ne5 11. f4 Ned7 12. Nf3 0-0 13. h3 b5 14. Qc2 b4 15. Na4 Nb6 16. Nxb6 cxb6 17. Nd4 Qc7 18. Nc6 Ra8 19. e5 Ne8 20. e6 Bxe6 21. g4 hxg4 22. dxe6 Qxc6 23. Bg2 Qc8 24. exf7+ Rxf7 25. hxg4 Rb8 26. Qxg6 Qxc4+ 27. Kb1 e6 28. Rh8+ Kxh8 29. Qxf7 1-0

[Event "Oberliga Ost-A 9900"]
[Site "Germany"]
[Date "2000.02.20"]
[Round "8.2"]
[White "Goemann, Jens"]
[Black "Erler, Rainer"]
[Result "1/2-1/2"]
[WhiteElo "2169"]
[BlackElo "2147"]
[PlyCount "54"]
[EventDate "1999.10.??"]
[EventType "team"]
[EventRounds "11"]
[EventCountry "GER"]
[SourceTitle "EXT 2002"]
[Source "ChessBase"]
[SourceDate "2001.11.25"]
[SourceVersion "1"]
[SourceVersionDate "2001.11.25"]
[SourceQuality "1"]

1. c4 e5 2. g3 f5 3. Bg2 Nf6 4. Nf3 d6 5. Nc3 c6 6. 0-0 Be6 7. d3 Nbd7 8. Rb1 Rc8 9. Ng5 Bg8 10. f4 Qb6+ 11. e3 h6 12. Nh3 g6 13. Kh1 Be7 14. Qe2 e4 15. dxe4 Qb4 16. Rd1 Qxc4 17. Qxc4 Bxc4 18. Nf2 fxe4 19. Nfxe4 Nxe4 20. Bxe4 Bf7 21. Bf3 d5 22. b3 Bf6 23. Bb2 0-0 24. e4 dxe4 25. Nxe4 Bxb2 26. Rxb2 Bd5 27. Nd2 Nf6 1/2-1/2

[Event "Oberliga Ost-A 9900"]
[Site "Germany"]
[Date "2000.01.30"]
[Round "7.2"]
[White "Drobka, Stefan"]
[Black "Goemann, Jens"]
[Result "1/2-1/2"]
[WhiteElo "2342"]
[BlackElo "2169"]
[PlyCount "26"]
[EventDate "1999.10.??"]
[EventType "team"]
[EventRounds "11"]
[EventCountry "GER"]
[SourceTitle "EXT 2002"]
[Source "ChessBase"]
[SourceDate "2001.11.25"]
[SourceVersion "1"]
[SourceVersionDate "2001.11.25"]
[SourceQuality "1"]

1. e4 e6 2. d4 d5 3. Nd2 c5 4. exd5 exd5 5. Bb5+ Bd7 6. Qe2+ Be7 7. dxc5 Nf6 8. Nb3 0-0 9. Bxd7 Nbxd7 10. Nf3 Nxc5 11. Nbd4 Re8 12. 0-0 Bf8 13. Qd1 Qb6 1/2-1/2

[Event "Leipzig VfB op 07th"]
[Site "Leipzig"]
[Date "2000.??.??"]
[Round "9"]
[White "Eichner, Sebastian"]
[Black "Goemann, Jens"]
[Result "1/2-1/2"]
[WhiteElo "2145"]
[BlackElo "2162"]
[PlyCount "87"]
[EventDate "2000.03.??"]
[EventType "swiss"]
[EventRounds "9"]
[EventCountry "GER"]
[SourceTitle "EXT 2008"]
[Source "ChessBase"]
[SourceDate "2007.11.25"]
[SourceVersion "1"]
[SourceVersionDate "2007.11.25"]
[SourceQuality "1"]

1. d4 Nf6 2. Nf3 g6 3. c4 Bg7 4. Nc3 0-0 5. e4 d6 6. Be2 e5 7. d5 a5 8. Bg5 Na6 9. Nd2 h6 10. Bh4 Qe8 11. a3 Bd7 12. b3 Nh7 13. 0-0 Bf6 14. Bxf6 Nxf6 15. Rb1 Nh7 16. b4 axb4 17. axb4 Qe7 18. Qb3 Kg7 19. Qb2 f5 20. exf5 Bxf5 21. Nce4 Nf6 22. Bd3 Kh7 23. Nxf6+ Qxf6 24. Qc2 Rf7 25. Ne4 Qe7 26. c5 Nb8 27. f3 Kg7 28. Ra1 Rxa1 29. Rxa1 Nd7 30. Ra7 dxc5 31. Nxc5 Bxd3 32. Nxd3 e4 33. Qc3+ Kh7 34. Ra8 Qf6 35. Qxf6 Nxf6 36. fxe4 Nxe4 37. Re8 Nc3 38. Re5 b6 39. h4 Kg7 40. Kh2 Rf5 41. Re7+ Rf7 42. Re5 Rf5 43. Re7+ Rf7 44. Re5 1/2-1/2

[Event "Oberliga Ost-A 9900"]
[Site "Germany"]
[Date "1999.10.10"]
[Round "1.2"]
[White "Kastner, Peter"]
[Black "Goemann, Jens"]
[Result "1/2-1/2"]
[WhiteElo "2162"]
[BlackElo "2169"]
[PlyCount "48"]
[EventDate "1999.10.??"]
[EventType "team"]
[EventRounds "11"]
[EventCountry "GER"]
[SourceTitle "EXT 2002"]
[Source "ChessBase"]
[SourceDate "2001.11.25"]
[SourceVersion "1"]
[SourceVersionDate "2001.11.25"]
[SourceQuality "1"]

1. e4 e6 2. d4 d5 3. Nd2 c5 4. exd5 exd5 5. Ngf3 a6 6. dxc5 Bxc5 7. Bd3 Nc6 8. c3 Nge7 9. 0-0 h6 10. Nb3 Bb6 11. h3 Qd6 12. Re1 Bxh3 13. gxh3 Qg3+ 14. Kh1 Bxf2 15. Bf1 Bxe1 16. Nxe1 0-0 17. Bd2 Ne5 18. Qe2 Rfe8 19. Qh2 Nf5 20. Bf4 Qxh2+ 21. Kxh2 g5 22. Bxe5 Rxe5 23. Nf3 Re4 24. Nbd4 Nd6 1/2-1/2

[Event "Passau op 7th"]
[Site "Passau"]
[Date "1999.04.04"]
[Round "6"]
[White "Diehm, Alexander"]
[Black "Goemann, Jens"]
[Result "1/2-1/2"]
[WhiteElo "2025"]
[BlackElo "2162"]
[PlyCount "44"]
[EventDate "1999.04.02"]
[EventType "swiss"]
[EventRounds "7"]
[EventCountry "GER"]
[SourceTitle "EXT 2000"]
[Source "ChessBase"]
[SourceDate "1999.11.16"]
[SourceVersion "1"]
[SourceVersionDate "1999.11.16"]
[SourceQuality "1"]

1. d4 Nf6 2. c4 g6 3. Nc3 Bg7 4. e4 d6 5. Bg5 0-0 6. Nf3 h6 7. Bf4 e5 8. dxe5 Nh5 9. Qd2 g5 10. Bg3 Nxg3 11. hxg3 dxe5 12. Qxd8 Rxd8 13. Nd5 Na6 14. 0-0-0 Be6 15. Be2 Rd7 16. g4 Nc5 17. Nd2 c6 18. Ne3 Bf8 19. Nf5 Kh7 20. f3 Rad8 21. Nb3 Rxd1+ 22. Rxd1 Rxd1+ 1/2-1/2